000 00750nam a2200205 i 4500
001 bgj
100 1 _aKULLMANN, Wolfgang.
245 1 0 _aDas Wirken der Götter in der Ilias :
_bUntersuchungen zur Frage der Entstehung des Homerischen "Götterapparats" /
_cWolfgang Kullmann.
260 _aBerlin :
_bAkademie-Verlag,
_c1956.
300 _a161 s. ;
_c24 cm.
490 1 _aDeutsche Akademie der Wissenschaften zu Berlin
_pSchriften der Sektion für Altertumwissenschaft
_v1
504 _aIndeks.
830 _aDeutsche Akademie der Wissenschaften zu Berlin
_pSchriften der Sektion für Altertumwissenschaft
040 _cBPK
041 0 _ager
044 _aDEU
080 _a255.2-264
942 _cKS
008 s gw f |000 0 ger
999 _c50478
_d50478
856 _uhttp://koha.tu.koszalin.pl/cgi-bin/koha/opac-detail.pl?biblionumber=50478
_yKatalog online BPK